00674nam a2200205 a 45000010005000000030009000050080041000140200015000550400028000700820017000981100027001152450060001422500006002022600033002083000010002414900011002515050163002626500016004256500027004416137CO-ViMGA141112s2004 ck r 000 u spa d a8478270965 aCO-ViMGAbspacCO-ViMGA04a371.102 C656 aAntoni Zabala y otros110aComo trabajar los contenidos procedimentales en el aula a1 aBarcelona : bGraó, c1993 a219 p0 aMIE, 8 aConocimiento del medio natural. Conociemiento del medio social y cultural. educación artistica : musica, plastica. educación fisica. Lengua. Matermaticas.14aENSEÑANZA14aMETODOS DE ENSEÑANZA